[Event "Europa ch Femenino 2013"]
[Site "Belgrado SER"]
[Date "2013.07.25"]
[Round "3.7"]
[White "Socko, Monika"]
[Black "Tarasova, Viktoriya"]
[Result "1/2-1/2"]
[WhiteElo "2435"]
[BlackElo "2300"]
[PlyCount "74"]
[EventDate "2013.07.23"]
[EventType "swiss"]
[EventRounds "11"]
[EventCountry "SER"]
[Source "lmi"]
[SourceDate "2013.07.22"]

1. e4 e5 2. Nf3 Nc6 3. d4 exd4 4. Nxd4 Nf6 5. Nxc6 bxc6 6. e5 Qe7 7. Qe2 Nd5 8.
c4 Ba6 9. b3 g6 10. f4 d6 11. Qf2 Nf6 12. Be2 dxe5 13. Ba3 Qe6 14. fxe5 Bxa3
15. Nxa3 Nd7 16. O-O O-O 17. Rad1 Qe7 18. Nc2 Nxe5 19. Rfe1 Bb7 20. Bf1 f6 21.
Nd4 Rad8 22. Nf3 Rxd1 23. Rxd1 c5 24. Nxe5 fxe5 25. Qe3 Bc6 26. Be2 e4 27. Bg4
Qe5 28. h4 Kg7 29. Be2 h6 30. g3 Kh7 31. Kh2 Qe7 32. Bg4 h5 33. Be2 Qe5 34. Kg2
Kg7 35. Rd2 Kh7 36. Rd1 Kg7 37. Rd2 Kh7 1/2-1/2

[Event "Europa ch Femenino 2013"]
[Site "Belgrado SER"]
[Date "2013.07.25"]
[Round "3.8"]
[White "Molchanova, Tatjana"]
[Black "Atalik, Ekaterina"]
[Result "1/2-1/2"]
[WhiteElo "2296"]
[BlackElo "2430"]
[PlyCount "81"]
[EventDate "2013.07.23"]
[EventType "swiss"]
[EventRounds "11"]
[EventCountry "SER"]
[Source "lmi"]
[SourceDate "2013.07.22"]

1. d4 d5 2. c4 c6 3. e3 Nf6 4. Nf3 Bg4 5. Nc3 e6 6. Qb3 Qb6 7. h3 Bxf3 8. gxf3
Qxb3 9. axb3 Nbd7 10. e4 Bb4 11. e5 Ng8 12. c5 Ne7 13. Kd1 Nf5 14. Ne2 O-O 15.
h4 b6 16. cxb6 axb6 17. Rxa8 Rxa8 18. Bh3 Nf8 19. h5 c5 20. Bxf5 exf5 21. Nf4
Ne6 22. Nxe6 fxe6 23. Rh4 cxd4 24. Rxd4 Bc5 25. Ra4 Rxa4 26. bxa4 Bxf2 27. Ke2
Bd4 28. Be3 Bxb2 29. Bxb6 Bxe5 30. a5 Bb8 31. a6 Kf7 32. f4 g6 33. h6 g5 34.
fxg5 Kg6 35. Bc7 Ba7 36. Bf4 e5 37. Bxe5 Kxg5 38. Kd3 Kxh6 39. Bd4 Bb8 40. Be5
Ba7 41. Bd4 1/2-1/2

[Event "Europa ch Femenino 2013"]
[Site "Belgrado SER"]
[Date "2013.07.25"]
[Round "3.10"]
[White "Vega Gutierrez, Sabrina"]
[Black "Papp, Petra"]
[Result "1-0"]
[WhiteElo "2402"]
[BlackElo "2276"]
[PlyCount "131"]
[EventDate "2013.07.23"]
[EventType "swiss"]
[EventRounds "11"]
[EventCountry "SER"]
[Source "lmi"]
[SourceDate "2013.07.22"]

1. e4 c5 2. Nf3 d6 3. d4 cxd4 4. Qxd4 Nc6 5. Bb5 Bd7 6. Bxc6 Bxc6 7. Nc3 Nf6 8.
Bg5 e6 9. O-O-O Be7 10. Qd3 Qa5 11. h4 Qa6 12. Qxa6 bxa6 13. Bxf6 gxf6 14. Nd4
Bd7 15. Rd3 Rg8 16. g3 Rc8 17. Rhd1 Bd8 18. Nb3 Bc7 19. Nc5 Bc6 20. Nxa6 Bb6
21. Rxd6 Bb7 22. Nb4 Bxf2 23. Rd7 Rb8 24. Nb5 Bxe4 25. Na6 Be3+ 26. Kb1 Rc8 27.
Nac7+ Kf8 28. Nd6 Rxc7 29. Rxc7 Bg6 30. Ne8 Bb6 31. Rc8 Ke7 32. Nd6 Rf8 33. b4
f5 34. a4 Bf2 35. Rc7+ Kf6 36. Rf1 Bb6 37. Rb7 Rd8 38. Rd1 Bh5 39. Rd2 Rg8 40.
Nc4 Bg1 41. b5 Rxg3 42. a5 f4 43. Rdd7 f3 44. Nd2 Ke5 45. b6 axb6 46. a6 f2 47.
a7 Ra3 48. Rb8 Bh2 49. Kb2 Bf4 50. Nf1 Bc1+ 51. Kb1 Bf3 52. Rxf7 Bf4 53. Rxb6
Ra4 54. Rb5+ Kd6 55. Rb8 Be5 56. c3 Bf4 57. Rb4 Rxb4+ 58. cxb4 Be4+ 59. Ka2
Bd5+ 60. Ka3 e5 61. Rf8 Bc1+ 62. Ka4 e4 63. Rd8+ Kc7 64. Rxd5 Kb7 65. Rd7+ Ka8
66. Ka5 1-0

[Event "Europa ch Femenino 2013"]
[Site "Belgrado SER"]
[Date "2013.07.25"]
[Round "3.11"]
[White "Milliet, Sophie"]
[Black "Chelushkina, Irina"]
[Result "0-1"]
[WhiteElo "2396"]
[BlackElo "2265"]
[PlyCount "164"]
[EventDate "2013.07.23"]
[EventType "swiss"]
[EventRounds "11"]
[EventCountry "SER"]
[Source "lmi"]
[SourceDate "2013.07.22"]

1. e4 c5 2. Nc3 Nc6 3. Bb5 g6 4. Bxc6 dxc6 5. d3 e5 6. Be3 Nh6 7. h3 f6 8. Qd2
Nf7 9. f4 a5 10. Nf3 exf4 11. Bxf4 a4 12. O-O Be7 13. Qf2 O-O 14. Qg3 Be6 15.
Kh1 b5 16. b3 Ra7 17. Be3 Qa8 18. Rad1 axb3 19. axb3 Rb7 20. Qf2 c4 21. bxc4
bxc4 22. d4 Nd6 23. Ra1 Qc8 24. Qe2 Re8 25. Bf4 Bf7 26. Nd2 Qe6 27. Ra6 Rb2 28.
Qd1 Qc8 29. Ra7 Rb7 30. Rxb7 Nxb7 31. Qf3 Rd8 32. Be3 Nd6 33. Rb1 Qa6 34. Ne2
Qa2 35. c3 Qc2 36. Rc1 Qb2 37. Rb1 Qc2 38. Rf1 Nb5 39. Rc1 Qb2 40. Rb1 Qa3 41.
Bh6 Qa4 42. Rf1 Nc7 43. Qg3 Ne8 44. e5 Qc2 45. exf6 Bxf6 46. Qf4 Rd5 47. Ng3 g5
48. Qe3 Qg6 49. Nxc4 Qxh6 50. Nb6 Rd8 51. Ne4 Be7 52. Qf3 Qg6 53. Ng3 Ng7 54.
Ra1 Bd5 55. Qe3 Bd6 56. c4 Re8 57. Qf2 Rf8 58. Qe1 Re8 59. Qf2 Be6 60. d5 cxd5
61. cxd5 Bf7 62. Rd1 Bxg3 63. Qxg3 Qxb6 64. Qxg5 Qb3 65. Rd4 Qe3 66. Qxe3 Rxe3
67. d6 Re8 68. g4 Rd8 69. Kg2 Ne6 70. Rd2 Nf4+ 71. Kg3 Nd5 72. h4 Rxd6 73. h5
Ra6 74. Kh4 h6 75. Rd4 Ra1 76. Re4 Kg7 77. Re5 Kf6 78. Re2 Rg1 79. Rf2+ Ke7 80.
Ra2 Be6 81. Ra7+ Kf6 82. Ra4 Ne3 0-1

[Event "Europa ch Femenino 2013"]
[Site "Belgrado SER"]
[Date "2013.07.25"]
[Round "3.12"]
[White "Dzagnidze, Nana"]
[Black "Umudova, Nargiz"]
[Result "1-0"]
[WhiteElo "2558"]
[BlackElo "2253"]
[PlyCount "81"]
[EventDate "2013.07.23"]
[EventType "swiss"]
[EventRounds "11"]
[EventCountry "SER"]
[Source "lmi"]
[SourceDate "2013.07.22"]

1. d4 Nf6 2. Nf3 e6 3. c4 Bb4+ 4. Nbd2 d5 5. a3 Be7 6. Qc2 O-O 7. e3 b6 8. Bd3
Bb7 9. O-O c5 10. cxd5 exd5 11. dxc5 bxc5 12. b3 Nbd7 13. Bb2 Re8 14. Rfe1 Rb8
15. e4 dxe4 16. Nxe4 Nxe4 17. Bxe4 Bxe4 18. Rxe4 Bf6 19. Rxe8+ Qxe8 20. Bxf6
Nxf6 21. Qxc5 Rxb3 22. Qxa7 h6 23. a4 Nh5 24. Re1 Qc6 25. h3 Nf4 26. Qxf7+ Kxf7
27. Ne5+ Kf6 28. Nxc6 Rc3 29. Ne5 Kf5 30. Nd7 Ra3 31. Re5+ Kg6 32. Nc5 Nd3 33.
Nxd3 Rxd3 34. a5 Ra3 35. h4 h5 36. Rg5+ Kh6 37. g3 g6 38. f4 Ra2 39. Kf1 Kg7
40. f5 Rxa5 41. f6+ 1-0

[Event "Europa ch Femenino 2013"]
[Site "Belgrado SER"]
[Date "2013.07.25"]
[Round "3.31"]
[White "Pavlidou, Ekaterini"]
[Black "Gunina, Valentina"]
[Result "0-1"]
[WhiteElo "2210"]
[BlackElo "2507"]
[PlyCount "72"]
[EventDate "2013.07.23"]
[EventType "swiss"]
[EventRounds "11"]
[EventCountry "SER"]
[Source "lmi"]
[SourceDate "2013.07.22"]

1. d4 d5 2. Nf3 Nf6 3. c4 c6 4. e3 Bg4 5. Nbd2 e6 6. Be2 Nbd7 7. O-O Bd6 8. h3
Bh5 9. b3 O-O 10. Bb2 Qe7 11. Ne5 Bg6 12. Nxg6 hxg6 13. c5 Bc7 14. f4 Nh7 15.
Bd3 f5 16. Nf3 g5 17. Ne5 Rf6 18. Bc3 Raf8 19. b4 Rh6 20. Be1 gxf4 21. exf4 g5
22. Bg3 Ndf6 23. Qc1 Qg7 24. Qe3 g4 25. h4 Nh5 26. Be1 g3 27. Rf3 Kh8 28. b5
N7f6 29. Bxg3 Rg8 30. Bf1 Nxg3 31. Rxg3 Qxg3 32. Nf7+ Kh7 33. Qxe6 Qxf4 34.
Nxh6 Qxd4+ 35. Kh1 Qxh4+ 36. Kg1 Bh2+ 0-1

[Event "Europa ch Femenino 2013"]
[Site "Belgrado SER"]
[Date "2013.07.25"]
[Round "3.32"]
[White "Kosteniuk, Alexandra"]
[Black "Kazimova, Narmin"]
[Result "1-0"]
[WhiteElo "2489"]
[BlackElo "2208"]
[PlyCount "129"]
[EventDate "2013.07.23"]
[EventType "swiss"]
[EventRounds "11"]
[EventCountry "SER"]
[Source "lmi"]
[SourceDate "2013.07.22"]

1. e4 c5 2. Nf3 d6 3. d4 cxd4 4. Nxd4 Nf6 5. Nc3 a6 6. Be2 e6 7. O-O Be7 8. f4
O-O 9. a4 Nc6 10. Be3 Qc7 11. Kh1 Re8 12. Bf3 Rb8 13. Qd2 Na5 14. b3 Nc6 15. a5
Bd7 16. Nde2 Nb4 17. Bb6 Qc8 18. Na4 d5 19. e5 Ne4 20. Bxe4 dxe4 21. c4 Nd3 22.
Ng3 f5 23. exf6 Bxf6 24. Nxe4 Bxa1 25. Nd6 Qc6 26. Nxe8 Bxe8 27. Qxd3 Bf6 28.
Qe2 Bg6 29. Nc5 Bf5 30. Rd1 Re8 31. Nd7 Kh8 32. Nxf6 gxf6 33. Bd4 Kg7 34. Bc3
Be4 35. Rd4 Bf5 36. Qh5 Bg6 37. Qd1 Re7 38. h3 Bf5 39. Kh2 Bg6 40. Qe1 Qc5 41.
Qg3 Qc7 42. Rd2 Qc5 43. Qh4 Rf7 44. g4 Qe3 45. Qg3 Qxg3+ 46. Kxg3 Kf8 47. Rd6
Bc2 48. Rxe6 Bxb3 49. Bxf6 Bxc4 50. Rb6 Rd7 51. Kh4 Bf1 52. Rb1 Bg2 53. Rb2 Bf1
54. Rf2 Rd1 55. Be5 Rb1 56. Rf3 Bg2 57. Rg3 Be4 58. Re3 Bg2 59. Kg5 Kf7 60. Bd6
Rb5+ 61. f5 Rxa5 62. Re7+ Kg8 63. Kh6 Bc6 64. Rg7+ Kh8 65. Rf7 1-0

[Event "Europa ch Femenino 2013"]
[Site "Belgrado SER"]
[Date "2013.07.25"]
[Round "3.33"]
[White "Olsarova, Tereza"]
[Black "Paehtz, Elisabeth"]
[Result "1-0"]
[WhiteElo "2203"]
[BlackElo "2454"]
[PlyCount "69"]
[EventDate "2013.07.23"]
[EventType "swiss"]
[EventRounds "11"]
[EventCountry "SER"]
[Source "lmi"]
[SourceDate "2013.07.22"]

1. e4 c5 2. Nf3 d6 3. d4 cxd4 4. Nxd4 Nf6 5. Nc3 Nc6 6. Be2 g6 7. O-O Bg7 8.
Be3 O-O 9. Nb3 a6 10. a4 Be6 11. f4 Bxb3 12. cxb3 Rc8 13. Bf3 Qa5 14. Rf2 Rfd8
15. Rd2 Bh6 16. Qe1 e5 17. g3 Qb4 18. Rad1 Kg7 19. Qf2 Kg8 20. Rd3 exf4 21.
gxf4 Nd7 22. Rxd6 Ncb8 23. Bg4 Bg7 24. e5 Bxe5 25. Rxd7 Nxd7 26. Nd5 Qxb3 27.
Ne7+ Kg7 28. Nxc8 Nf6 29. Rxd8 Nxg4 30. Qd2 Bf6 31. Bd4 Qxa4 32. h3 Qa1+ 33.
Kg2 Kh6 34. hxg4 Bxd8 35. g5+ 1-0

[Event "Europa ch Femenino 2013"]
[Site "Belgrado SER"]
[Date "2013.07.25"]
[Round "3.34"]
[White "Belenkaya, Dina"]
[Black "Foisor, Cristina-Adela"]
[Result "1-0"]
[WhiteElo "2191"]
[BlackElo "2387"]
[PlyCount "93"]
[EventDate "2013.07.23"]
[EventType "swiss"]
[EventRounds "11"]
[EventCountry "SER"]
[Source "lmi"]
[SourceDate "2013.07.22"]

1. e4 c5 2. Nf3 a6 3. c4 d6 4. Nc3 Nc6 5. d4 Bg4 6. d5 Nd4 7. Be2 Bxf3 8. Bxf3
g6 9. Bg4 h5 10. Bh3 Bg7 11. Be3 b5 12. O-O Qb6 13. f4 f5 14. Kh1 Nh6 15. b4
fxe4 16. Nxe4 Nhf5 17. Bg1 O-O 18. g4 Nh6 19. gxh5 bxc4 20. Rb1 Rab8 21. hxg6
Qb7 22. bxc5 Qxd5 23. Rxb8 Rxb8 24. Bg2 Kh8 25. Ng5 Qxc5 26. Ne6 Nxe6 27. Bxc5
Nxc5 28. Qe2 Bf6 29. Qxc4 Kg7 30. Bh3 a5 31. Qd5 a4 32. Qc6 Rb2 33. Qe8 Ne4 34.
Bf5 Nc3 35. Rc1 Re2 36. a3 d5 37. Rc2 d4 38. Rxe2 Nxe2 39. Bc2 Nxf4 40. Qxa4
Ng4 41. Qc4 Nxg6 42. Bxg6 Kxg6 43. a4 e5 44. a5 e4 45. a6 e3 46. a7 Nf2+ 47.
Kg2 1-0

[Event "Europa ch Femenino 2013"]
[Site "Belgrado SER"]
[Date "2013.07.25"]
[Round "3.35"]
[White "Folkova, Martina"]
[Black "Shadrina, Tatiana"]
[Result "0-1"]
[WhiteElo "2189"]
[BlackElo "2377"]
[PlyCount "70"]
[EventDate "2013.07.23"]
[EventType "swiss"]
[EventRounds "11"]
[EventCountry "SER"]
[Source "lmi"]
[SourceDate "2013.07.22"]

1. e4 c5 2. Nf3 d6 3. d4 cxd4 4. Nxd4 Nf6 5. Nc3 a6 6. Bg5 e6 7. f4 Nbd7 8. Qf3
Qc7 9. O-O-O Be7 10. g4 b5 11. Bxf6 Nxf6 12. g5 Nd7 13. f5 O-O 14. g6 Ne5 15.
gxf7+ Rxf7 16. Qh5 Qc5 17. Be2 g6 18. Rhg1 Kh8 19. fxg6 Nxg6 20. Rg3 Bf6 21.
Nb3 Qe5 22. Rdg1 Bd7 23. Kb1 b4 24. Nd1 Bc6 25. Nd2 Rc7 26. Qg4 Bb5 27. Nf1 d5
28. Bd3 Bxd3 29. Rxd3 Rac8 30. Rd2 Rc4 31. Ng3 dxe4 32. Rf1 e3 33. Qf3 exd2 34.
Qxf6+ Qxf6 35. Rxf6 Rxc2 0-1

[Event "Europa ch Femenino 2013"]
[Site "Belgrado SER"]
[Date "2013.07.25"]
[Round "3.36"]
[White "Drljevic, Ljilja"]
[Black "Majdan-Gajewska, Joanna"]
[Result "0-1"]
[WhiteElo "2187"]
[BlackElo "2375"]
[PlyCount "106"]
[EventDate "2013.07.23"]
[EventType "swiss"]
[EventRounds "11"]
[EventCountry "SER"]
[Source "lmi"]
[SourceDate "2013.07.22"]

1. e4 c5 2. Nf3 d6 3. d3 Nc6 4. g3 g6 5. Bg2 Bg7 6. O-O Nf6 7. h3 O-O 8. Nbd2
Rb8 9. a4 a6 10. c3 b5 11. axb5 axb5 12. d4 Nd7 13. Nb3 c4 14. d5 Nce5 15. Nxe5
Nxe5 16. Nd4 Bd7 17. Bg5 Re8 18. Qd2 b4 19. h4 bxc3 20. bxc3 Qb6 21. Ra2 e6 22.
h5 exd5 23. h6 Bh8 24. exd5 Ng4 25. Bf3 Ne5 26. Bg2 Ng4 27. Bf3 Ne5 28. Be2 Qc5
29. Qf4 f6 30. Bh4 g5 31. Bxg5 Ng6 32. Qd2 fxg5 33. Rfa1 Qxd5 34. Ra5 Qf7 35.
Rxg5 Re5 36. Nf3 Rxe2 37. Qxe2 Re8 38. Qd1 Rf8 39. Qxd6 Be8 40. Nh4 Qxf2+ 41.
Kh1 Qf6 42. Qd5+ Bf7 43. Qc5 Qxc3 44. Rd1 Bf6 45. Rf5 Bxh4 46. gxh4 Qh3+ 47.
Kg1 Qg4+ 48. Kf2 Qxd1 49. h5 Qd2+ 50. Kg3 Qxh6 51. Rg5 Rd8 52. Kf2 c3 53. Qe3
Qg7 0-1

[Event "Europa ch Femenino 2013"]
[Site "Belgrado SER"]
[Date "2013.07.25"]
[Round "3.37"]
[White "Ibrahimova, Sabina"]
[Black "Cosma, Elena-Luminita"]
[Result "1/2-1/2"]
[WhiteElo "2168"]
[BlackElo "2329"]
[PlyCount "103"]
[EventDate "2013.07.23"]
[EventType "swiss"]
[EventRounds "11"]
[EventCountry "SER"]
[Source "lmi"]
[SourceDate "2013.07.22"]

1. e4 e6 2. d4 d5 3. Nc3 Nf6 4. Bg5 Be7 5. e5 Nfd7 6. Bxe7 Qxe7 7. Nb5 Nb6 8.
c3 a6 9. Na3 c5 10. f4 Nc6 11. Nf3 cxd4 12. Nxd4 Bd7 13. Be2 Rc8 14. Nac2 Na4
15. Rb1 Nc5 16. O-O g6 17. Bd3 h5 18. Qe2 h4 19. h3 Nxd4 20. Nxd4 Nxd3 21. Qxd3
Qc5 22. Rf3 Qc4 23. Qd1 Qxa2 24. c4 Qxc4 25. Rc3 Qb4 26. Rb3 Qe7 27. Rxb7 O-O
28. Kh2 Qd8 29. Qg4 Rc4 30. Nf3 Kg7 31. Nxh4 Rc7 32. Rb3 Rh8 33. Nf3 Bb5 34.
Nd4 Rc4 35. Rd3 Rb4 36. Rd2 Qh4 37. Qxh4 Rxh4 38. g3 Rh8 39. Rc1 Bc4 40. Nc6
Ra4 41. Rc3 Ra2 42. Nb4 Ra1 43. Nc2 Re1 44. b3 Bb5 45. Rf3 Rc8 46. Nd4 Rb1 47.
g4 Rcc1 48. f5 Rh1+ 49. Kg3 Rhg1+ 50. Rg2 gxf5 51. gxf5 Rxg2+ 52. Kxg2 1/2-1/2

[Event "Europa ch Femenino 2013"]
[Site "Belgrado SER"]
[Date "2013.07.25"]
[Round "3.38"]
[White "Charochkina, Daria"]
[Black "Baraeva, Irina"]
[Result "1-0"]
[WhiteElo "2326"]
[BlackElo "2171"]
[PlyCount "79"]
[EventDate "2013.07.23"]
[EventType "swiss"]
[EventRounds "11"]
[EventCountry "SER"]
[Source "lmi"]
[SourceDate "2013.07.22"]

1. Nf3 d5 2. c4 c6 3. e3 Nf6 4. b3 g6 5. Bb2 Bg7 6. d4 O-O 7. Bd3 Nbd7 8. O-O
b6 9. Nc3 Bb7 10. cxd5 Nxd5 11. Nxd5 cxd5 12. Qe2 Rc8 13. Rac1 Rxc1 14. Rxc1
Qb8 15. Bb5 Rc8 16. Rd1 Qd6 17. Ne1 Nf6 18. f3 Qb4 19. Bd3 Nd7 20. Nc2 Qd6 21.
Ba3 Qe6 22. Ne1 Rc7 23. Kf2 Nb8 24. f4 Qc8 25. Bb1 Ba6 26. Qd2 Bf8 27. Nd3 Nd7
28. Ne5 Nxe5 29. dxe5 e6 30. Bb2 Qd8 31. Kg1 Qe8 32. Qf2 Qb5 33. f5 exf5 34.
Bd3 Qa5 35. Bxf5 Qxa2 36. e6 Qxb3 37. Rb1 Bc8 38. Qg3 Rc4 39. Qe5 d4 40. Bxd4
1-0

[Event "Europa ch Femenino 2013"]
[Site "Belgrado SER"]
[Date "2013.07.25"]
[Round "3.39"]
[White "Nikoladze, Sopio"]
[Black "Ziaziulkina, Nastassia"]
[Result "0-1"]
[WhiteElo "2163"]
[BlackElo "2321"]
[PlyCount "48"]
[EventDate "2013.07.23"]
[EventType "swiss"]
[EventRounds "11"]
[EventCountry "SER"]
[Source "lmi"]
[SourceDate "2013.07.22"]

1. d4 d5 2. Nf3 Nf6 3. e3 c5 4. b3 Nc6 5. Bb2 Bg4 6. h3 Bh5 7. g4 Bg6 8. Ne5
cxd4 9. exd4 Ne4 10. h4 Qa5+ 11. c3 Nxe5 12. dxe5 h5 13. Be2 hxg4 14. Bxg4 e6
15. h5 d4 16. O-O Qxe5 17. cxd4 Qg5 18. hxg6 Rh4 19. gxf7+ Kd8 20. Re1 Rxg4+
21. Kf1 Rg1+ 22. Ke2 Qg4+ 23. f3 Qg2+ 24. Ke3 Qf2+ 0-1

[Event "Europa ch Femenino 2013"]
[Site "Belgrado SER"]
[Date "2013.07.25"]
[Round "3.40"]
[White "Mikadze, Miranda"]
[Black "Cherednichenko, Elena"]
[Result "1/2-1/2"]
[WhiteElo "2314"]
[BlackElo "2167"]
[PlyCount "55"]
[EventDate "2013.07.23"]
[EventType "swiss"]
[EventRounds "11"]
[EventCountry "SER"]
[Source "lmi"]
[SourceDate "2013.07.22"]

1. d4 Nf6 2. Nf3 g6 3. Bf4 Bg7 4. Nbd2 O-O 5. e4 d6 6. h3 Nc6 7. c3 Nd7 8. Bg5
h6 9. Bh4 Qe8 10. d5 Nce5 11. Nxe5 Bxe5 12. Be2 Bf6 13. Bg3 e6 14. dxe6 fxe6
15. Qc2 Be5 16. Bxe5 Nxe5 17. Rf1 Qe7 18. g3 Nc6 19. e5 Qg5 20. exd6 cxd6 21.
Ne4 Qe7 22. Nxd6 Qxd6 23. Qxg6+ Kh8 24. Qxh6+ Kg8 25. Qg6+ Kh8 26. Qh6+ Kg8 27.
Qg6+ Kh8 28. Qh6+ 1/2-1/2

[Event "Europa ch Femenino 2013"]
[Site "Belgrado SER"]
[Date "2013.07.25"]
[Round "3.41"]
[White "Golubeva, Oksana"]
[Black "Voicu-Jagodzinsky, Carmen"]
[Result "1-0"]
[WhiteElo "2149"]
[BlackElo "2296"]
[PlyCount "125"]
[EventDate "2013.07.23"]
[EventType "swiss"]
[EventRounds "11"]
[EventCountry "SER"]
[Source "lmi"]
[SourceDate "2013.07.22"]

1. c4 Nf6 2. Nc3 e5 3. e4 Nc6 4. d3 Bc5 5. Be3 d6 6. Be2 Nd4 7. Qd2 c6 8. Nf3
a5 9. O-O Nxf3+ 10. Bxf3 Be6 11. Rad1 Bxe3 12. fxe3 O-O 13. b3 Qb8 14. Qf2 Qa7
15. d4 Rad8 16. Qg3 h6 17. Be2 Nh7 18. Kh1 Qb6 19. Bh5 Qc7 20. Rd2 Ng5 21. h4
Nh7 22. Rdf2 f6 23. d5 Bf7 24. Bg4 Kh8 25. Bf5 Qe7 26. Ne2 b5 27. dxc6 bxc4 28.
bxc4 Qc7 29. Bd7 Bxc4 30. Qg4 Rg8 31. Rc1 d5 32. Be6 Rge8 33. Ng3 Nf8 34. Rxf6
Nxe6 35. Rxe6 Bxa2 36. Rg6 d4 37. Nf5 Be6 38. Rb1 d3 39. Rb7 d2 40. Rxc7 d1=Q+
41. Qxd1 Rxd1+ 42. Kh2 Bxf5 43. exf5 Rg8 44. f6 a4 45. fxg7+ Kh7 46. h5 a3 47.
Ra7 Rd3 48. c7 Rc3 49. Raa6 Rxc7 50. Rxh6+ Kxg7 51. Rhg6+ Kh7 52. Rxg8 Kxg8 53.
Rxa3 Kg7 54. g4 Rc1 55. Kg3 Kf6 56. Ra6+ Kf7 57. Kf3 Rc4 58. g5 Rh4 59. h6 Kg8
60. Ra7 e4+ 61. Kg3 Rh1 62. Kf4 Rg1 63. Kf5 1-0

[Event "Europa ch Femenino 2013"]
[Site "Belgrado SER"]
[Date "2013.07.25"]
[Round "3.42"]
[White "Rakic, Marija"]
[Black "Petrovic, Marija"]
[Result "1-0"]
[WhiteElo "2294"]
[BlackElo "2104"]
[PlyCount "85"]
[EventDate "2013.07.23"]
[EventType "swiss"]
[EventRounds "11"]
[EventCountry "SER"]
[Source "lmi"]
[SourceDate "2013.07.22"]

1. d4 Nf6 2. c4 g6 3. Nc3 Bg7 4. e4 d6 5. Nf3 O-O 6. h3 Na6 7. Bg5 Qe8 8. Be2
c6 9. O-O Nc7 10. Rc1 e5 11. dxe5 dxe5 12. Qd6 Ne6 13. Bh4 Nd7 14. Be7 Nd4 15.
c5 Nxe2+ 16. Nxe2 f6 17. Bxf8 Bxf8 18. Qd3 Bxc5 19. Nd2 Bf8 20. Nc4 Nc5 21. Qf3
Kg7 22. Rfd1 Qe6 23. Qe3 Be7 24. b3 b6 25. Kh1 Ba6 26. Ng3 Nd7 27. Qd2 Rd8 28.
Ne3 Nc5 29. Qxd8 Bxd8 30. Rxd8 Nd3 31. Rc2 f5 32. Nexf5+ gxf5 33. Nxf5+ Kf7 34.
Rd6 Qe8 35. Rcxc6 Nxf2+ 36. Kh2 Nxe4 37. Rc7+ Kf8 38. Rh6 Ng5 39. Rf6+ Kg8 40.
Rg7+ Kh8 41. Rxg5 e4 42. Nd6 Qb8 43. Rg3 1-0

[Event "Europa ch Femenino 2013"]
[Site "Belgrado SER"]
[Date "2013.07.25"]
[Round "3.43"]
[White "Ivakhinova, Inna"]
[Black "Coimbra, Margarida"]
[Result "1-0"]
[WhiteElo "2291"]
[BlackElo "2093"]
[PlyCount "61"]
[EventDate "2013.07.23"]
[EventType "swiss"]
[EventRounds "11"]
[EventCountry "SER"]
[Source "lmi"]
[SourceDate "2013.07.22"]

1. d4 d5 2. c4 c6 3. Nf3 Nf6 4. e3 e6 5. Bd3 Nbd7 6. b3 Bd6 7. Bb2 O-O 8. Nbd2
Qe7 9. Ne5 Ba3 10. Bxa3 Qxa3 11. f4 c5 12. O-O a5 13. Qc2 h6 14. Nb1 Qb4 15.
Nc3 cxd4 16. exd4 dxc4 17. bxc4 Nxe5 18. fxe5 Ne8 19. Rab1 Qe7 20. Qe2 Rb8 21.
Qe4 g6 22. h4 h5 23. Qf4 Kh7 24. Ne4 Bd7 25. Nf6+ Nxf6 26. exf6 Qa3 27. Qf3 Kg8
28. Qe3 Rfc8 29. c5 Qa4 30. Qh6 Qxd4+ 31. Rf2 1-0

[Event "Europa ch Femenino 2013"]
[Site "Belgrado SER"]
[Date "2013.07.25"]
[Round "3.44"]
[White "Berke, Ana"]
[Black "Zakurdjaeva, Irina"]
[Result "0-1"]
[WhiteElo "2145"]
[BlackElo "2291"]
[PlyCount "60"]
[EventDate "2013.07.23"]
[EventType "swiss"]
[EventRounds "11"]
[EventCountry "SER"]
[Source "lmi"]
[SourceDate "2013.07.22"]

1. e4 c5 2. Nf3 Nc6 3. Bb5 g6 4. O-O Bg7 5. Re1 e5 6. c3 Nge7 7. d3 O-O 8. Nbd2
a6 9. Ba4 b5 10. Bc2 Bb7 11. Nf1 d5 12. exd5 Nxd5 13. a4 b4 14. Bb3 bxc3 15.
Bxd5 Qxd5 16. bxc3 Rad8 17. Rb1 Ba8 18. Ba3 Rfe8 19. c4 Qd6 20. Qc1 Nb4 21.
Bxb4 cxb4 22. c5 Qb8 23. N1d2 a5 24. Qc4 Qc7 25. Ne4 Bd5 26. Qa6 Re6 27. c6
Rxc6 28. Qb5 f5 29. Ned2 Rc5 30. Qa6 Ra8 0-1

[Event "Europa ch Femenino 2013"]
[Site "Belgrado SER"]
[Date "2013.07.25"]
[Round "3.46"]
[White "Khalafova, Narmin"]
[Black "Franciskovic, Borka"]
[Result "1/2-1/2"]
[WhiteElo "2107"]
[BlackElo "2277"]
[PlyCount "67"]
[EventDate "2013.07.23"]
[EventType "swiss"]
[EventRounds "11"]
[EventCountry "SER"]
[Source "lmi"]
[SourceDate "2013.07.22"]

1. e4 c6 2. d4 d5 3. Nc3 dxe4 4. Nxe4 Bf5 5. Ng3 Bg6 6. N1e2 e6 7. Nf4 Bd6 8.
Ngh5 Bxh5 9. Nxh5 g6 10. Nf4 Ne7 11. g3 Nd7 12. Bg2 O-O 13. O-O Re8 14. c3 e5
15. dxe5 Nxe5 16. Qc2 Qc7 17. a4 a5 18. b3 Rad8 19. Bb2 Nf5 20. Rad1 Ng7 21. c4
Bc5 22. Ba1 Rxd1 23. Rxd1 Ne6 24. Qc3 f6 25. Nxe6 Rxe6 26. Bh3 Rd6 27. Rxd6
Qxd6 28. Qxa5 Qd1+ 29. Bf1 Nf3+ 30. Kg2 Ne1+ 31. Kg1 Nf3+ 32. Kg2 Ne1+ 33. Kg1
Nf3+ 34. Kg2 1/2-1/2

[Event "Europa ch Femenino 2013"]
[Site "Belgrado SER"]
[Date "2013.07.25"]
[Round "3.47"]
[White "Schut, Lisa"]
[Black "Utiatskaja, Irina"]
[Result "1-0"]
[WhiteElo "2277"]
[BlackElo "2047"]
[PlyCount "83"]
[EventDate "2013.07.23"]
[EventType "swiss"]
[EventRounds "11"]
[EventCountry "SER"]
[Source "lmi"]
[SourceDate "2013.07.22"]

1. e4 c5 2. Nf3 d6 3. d4 cxd4 4. Nxd4 Nf6 5. Nc3 a6 6. h3 e5 7. Nde2 h5 8. Bg5
Be6 9. Bxf6 Qxf6 10. Nd5 Bxd5 11. Qxd5 Nc6 12. Qb3 Rb8 13. Nc3 Be7 14. Nd5 Qg6
15. O-O-O O-O 16. Kb1 Qxe4 17. Bd3 Qh4 18. g4 Bg5 19. Be4 Kh8 20. Qf3 Nd4 21.
Rxd4 exd4 22. Bd3 Rbe8 23. a3 Re5 24. Ka2 Bd2 25. Nb6 Qe7 26. Nc4 Qe6 27. b3
Re1 28. Nxd2 Rxh1 29. Qxh1 Qh6 30. Qd1 hxg4 31. hxg4 d5 32. Nf3 g6 33. g5 Qh3
34. Qe2 Qe6 35. Qd2 Re8 36. Qf4 Kg8 37. Qxd4 b5 38. Nh2 Qe5 39. Qh4 Qc3 40. Ng4
Kf8 41. Nf6 Re1 42. Qh8+ 1-0

[Event "Europa ch Femenino 2013"]
[Site "Belgrado SER"]
[Date "2013.07.25"]
[Round "3.48"]
[White "Mamedjarova, Zeinab"]
[Black "Milutinovic, Stefana"]
[Result "1-0"]
[WhiteElo "2256"]
[BlackElo "2035"]
[PlyCount "89"]
[EventDate "2013.07.23"]
[EventType "swiss"]
[EventRounds "11"]
[EventCountry "SER"]
[Source "lmi"]
[SourceDate "2013.07.22"]

1. d4 Nf6 2. Nf3 e6 3. e3 c5 4. Bd3 b6 5. Nbd2 Bb7 6. O-O cxd4 7. exd4 Be7 8.
Re1 O-O 9. c3 d6 10. a4 a6 11. Nf1 Nbd7 12. Ng3 Re8 13. Bc2 Qc7 14. Ng5 Bc6 15.
Qd3 Nf8 16. Bd2 Qb7 17. f3 b5 18. axb5 axb5 19. Rad1 Bd5 20. N3e4 Bc4 21. Qe3
Nd5 22. Qf2 Ra2 23. Bc1 f5 24. Ng3 Bxg5 25. Bxg5 f4 26. Ne4 Qd7 27. Bb1 Ra6 28.
Qh4 Qf7 29. Qh3 h6 30. Bh4 Ne3 31. Rc1 Qh5 32. g4 Qf7 33. Bf2 Nd5 34. Kh1 Nf6
35. g5 Nxe4 36. Bxe4 hxg5 37. Rg1 Qf6 38. Qh5 g6 39. Rxg5 Kf7 40. Qg4 Ra2 41.
Rg1 Re7 42. Bh4 Rea7 43. Rxg6 Qh8 44. Rg8 Qh6 45. Rxf8+ 1-0